[Event "Riga Tech Open A 2014"]
[Site "Riga LAT"]
[Date "2014.08.16"]
[Round "1.1"]
[White "Armbrust, Florian"]
[Black "Shirov, Alexei"]
[Result "1-0"]
[WhiteTitle "FM"]
[BlackTitle "GM"]
[WhiteElo "2268"]
[BlackElo "2709"]
[WhiteFideId "4691350"]
[BlackFideId "2209390"]
[EventDate "2014.08.16"]

1. e4 c5 2. Nc3 Nc6 3. Bb5 Nd4 4. Bc4 e6 5. Nf3 Nf6 6. O-O a6 7. d3 b5 8. Bb3
Nxb3 9. axb3 b4 10. Na4 d6 11. e5 Nd7 12. exd6 Bxd6 13. Ng5 Bb7 14. Qh5 Qe7 15.
Re1 Nf6 16. Qh3 O-O 17. Nb6 Rad8 18. Nc4 Bc7 19. Ne3 h6 20. Nf5 Qd7 21. Nxh6+
gxh6 22. Qxh6 Qd4 23. h3 Rd5 24. Nf3 Rh5 25. Nxd4 Rxh6 26. Bxh6 cxd4 27. Bxf8
Kxf8 28. Ra4 Nd5 29. Rea1 f5 30. Rxa6 Bxa6 31. Rxa6 Kf7 32. g3 f4 33. Kg2 fxg3
34. fxg3 Bd8 35. Kf3 Bg5 36. Ke4 Bc1 37. Ke5 Bxb2 38. Rxe6 Ne3 39. Rc6 Bc3 40.
h4 Nxc2 41. h5 Ne3 42. Rc7+ Kg8 43. Rd7 Be1 44. Kf6 1-0

[Event "Riga Tech Open A 2014"]
[Site "Riga LAT"]
[Date "2014.08.16"]
[Round "1.2"]
[White "Rapport, Richard"]
[Black "Kretainis, Kristaps"]
[Result "1-0"]
[WhiteTitle "GM"]
[WhiteElo "2704"]
[BlackElo "2268"]
[WhiteFideId "738590"]
[BlackFideId "11602163"]
[EventDate "2014.08.16"]

1. Nc3 b6 2. d4 Bb7 3. e4 e6 4. Bd3 Nf6 5. Nge2 d5 6. e5 Nfd7 7. Nf4 g6 8. Qg4
Be7 9. h4 h5 10. Qh3 Nf8 11. Be3 c5 12. O-O-O c4 13. Be2 Qd7 14. g4 hxg4 15.
Qxg4 b5 16. h5 g5 17. Nh3 b4 18. Nb1 Qa4 19. Bxg5 Nc6 20. Bxe7 Nxe7 21. a3 bxa3
22. Nxa3 Bc6 23. Qf3 Nf5 24. Ng5 Nh7 25. Rhg1 Ke7 26. Qc3 a5 27. Nh3 Qb4 28. Nb1
Rhb8 29. Nf4 Qxc3 30. Nxc3 Rg8 31. Bg4 Nh6 32. Bh3 Ng5 33. Rg3 Nxh3 34. Rxh3 a4
35. Nce2 Rab8 36. Rg1 Rxg1+ 37. Nxg1 Nf5 38. Nge2 Rh8 39. Rh2 c3 40. bxc3 a3 41.
Kb1 Bb5 42. Nc1 Bc4 43. Nb3 Nh6 44. Rg2 Nf5 45. Ka2 Ra8 46. Rg5 Kf8 47. Ng2 Ke7
48. Ne3 Nxe3 49. fxe3 Be2 50. h6 Bf3 51. Nc5 Rh8 52. Rg3 Bd1 53. Rh3 Bxc2 54.
Kxa3 Bh7 55. c4 Rb8 56. cxd5 exd5 57. Rg3 Rb6 58. e6 Bg6 59. Rg5 Rd6 60. Kb4 Kf6
61. exf7 Bxf7 62. Rg7 Rd8 63. e4 dxe4 64. Nxe4+ Kf5 65. Ng3+ Kf6 66. Ne4+ Kf5
67. Nd6+ Rxd6 68. Rxf7+ Ke4 69. Kc5 Rd5+ 70. Kc6 Rxd4 71. Rf8 Rc4+ 72. Kd6 1-0

[Event "Riga Tech Open A 2014"]
[Site "Riga LAT"]
[Date "2014.08.16"]
[Round "1.3"]
[White "Veinberg, Nimrod"]
[Black "Melkumyan, Hrant"]
[Result "0-1"]
[BlackTitle "GM"]
[WhiteElo "2268"]
[BlackElo "2655"]
[WhiteFideId "2810280"]
[BlackFideId "13302485"]
[EventDate "2014.08.16"]

1. d4 Nf6 2. c4 g6 3. Nc3 d5 4. cxd5 Nxd5 5. e4 Nxc3 6. bxc3 Bg7 7. Qa4+ Nd7 8.
Nf3 O-O 9. Be2 c5 10. O-O Qc7 11. Bg5 e6 12. Rac1 b6 13. d5 Ne5 14. Nxe5 Bxe5
15. h3 Bh2+ 16. Kh1 Bf4 17. Bxf4 Qxf4 18. Qc2 exd5 19. exd5 Bd7 20. c4 Rae8 21.
Rce1 Re5 22. Qc3 Rfe8 23. Bf3 h5 24. Rxe5 Rxe5 25. Kg1 h4 26. Re1 Rxe1+ 27. Qxe1
Kf8 28. Qc3 Qd4 29. Qxd4 cxd4 30. Kf1 Ke7 31. Ke2 Kd6 32. Kd3 Kc5 33. Bg4 f5 34.
Bd1 b5 35. Bb3 bxc4+ 36. Bxc4 f4 37. Bb3 f3 38. gxf3 Bxh3 39. Ke4 Bf5+ 40. Kf4
Kd6 41. Bc4 d3 42. Bb3 g5+ 0-1

[Event "Riga Tech Open A 2014"]
[Site "Riga LAT"]
[Date "2014.08.16"]
[Round "1.4"]
[White "Iturrizaga Bonelli, Eduardo"]
[Black "Minko, Vladimir"]
[Result "1-0"]
[WhiteTitle "GM"]
[BlackTitle "FM"]
[WhiteElo "2653"]
[BlackElo "2266"]
[WhiteFideId "3901211"]
[BlackFideId "24146706"]
[EventDate "2014.08.16"]

1. Nf3 d5 2. c4 d4 3. b4 e5 4. Nxe5 Qe7 5. Qa4+ c6 6. Nf3 Nd7 7. Nxd4 Nb6 8. Qc2
Qxb4 9. e3 Qa5 10. Nc3 Nf6 11. Bb2 Be7 12. Be2 O-O 13. O-O Rd8 14. a4 Bg4 15. f3
Bh5 16. Nb3 Qg5 17. a5 Nbd7 18. f4 Qh6 19. Bxh5 Qxh5 20. Rf3 Nf8 21. Ne4 Ne8 22.
Nd4 Ng6 23. a6 bxa6 24. Nxc6 Rd7 25. Ra5 Qh4 26. Rg3 Rc8 27. Nd4 1-0

[Event "Riga Tech Open A 2014"]
[Site "Riga LAT"]
[Date "2014.08.16"]
[Round "1.5"]
[White "Sandler, Leonid"]
[Black "Kovalenko, Igor"]
[Result "0-1"]
[WhiteTitle "IM"]
[BlackTitle "GM"]
[WhiteElo "2264"]
[BlackElo "2650"]
[WhiteFideId "3201805"]
[BlackFideId "14117908"]
[EventDate "2014.08.16"]

1. e4 c5 2. Nf3 d6 3. d4 cxd4 4. Nxd4 Nf6 5. Nc3 a6 6. Be2 e6 7. O-O Nbd7 8. Be3
Qc7 9. Kh1 b6 10. f3 Bb7 11. Qe1 Be7 12. Qg3 g6 13. Rae1 h5 14. Bd3 h4 15. Qf2
b5 16. Kg1 b4 17. Nce2 e5 18. Nb3 d5 19. exd5 Nxd5 20. Be4 f5 21. Bxd5 Bxd5 22.
f4 h3 23. gxh3 Rxh3 24. Ng3 Bh4 25. Qd2 Bb7 26. Bf2 O-O-O 27. Qxb4 exf4 0-1

[Event "Riga Tech Open A 2014"]
[Site "Riga LAT"]
[Date "2014.08.16"]
[Round "1.6"]
[White "Fridman, Daniel"]
[Black "Persson, Mats"]
[Result "1-0"]
[WhiteTitle "GM"]
[WhiteElo "2639"]
[BlackElo "2263"]
[WhiteFideId "11600454"]
[BlackFideId "1708333"]
[EventDate "2014.08.16"]

1. d4 d5 2. c4 e6 3. Nf3 c5 4. cxd5 exd5 5. g3 Nc6 6. Bg2 Nf6 7. O-O Be7 8. Nc3
O-O 9. dxc5 Bxc5 10. Na4 Be7 11. Be3 Bg4 12. Rc1 Rc8 13. h3 Be6 14. Nc5 b6 15.
Nxe6 fxe6 16. Qa4 Qd7 17. Rc2 Nb4 18. Qxd7 Nxd7 19. Rxc8 Rxc8 20. a3 Nc6 21. Rc1
Bf6 22. Nd4 Bxd4 23. Bxd4 Nf6 24. e3 Kf7 25. Bf1 Ne7 26. Rd1 Ng6 27. Bd3 Nf8 28.
g4 h6 29. f4 N8d7 30. g5 Ng8 31. e4 hxg5 32. fxg5 e5 33. Bb5 exd4 34. Bxd7 Rd8
35. Bc6 dxe4 36. Bxe4 Ne7 37. h4 Ke6 38. Re1 Nf5 39. Bd3+ Ne3 40. Kf2 Ke5 41.
Kg3 Rf8 42. h5 Rf4 43. h6 Rg4+ 44. Kf3 Rxg5 45. h7 Rh5 46. Rg1 Kf6 47. Rg6+ Kf7
48. Rd6 Rh3+ 49. Kf4 g6 50. Bxg6+ Kg7 51. Bb1 Rh5 52. Rd7+ Kf6 53. Rd8 1-0

[Event "Riga Tech Open A 2014"]
[Site "Riga LAT"]
[Date "2014.08.16"]
[Round "1.7"]
[White "Le Goff, Damien"]
[Black "Erdos, Viktor"]
[Result "1-0"]
[WhiteTitle "FM"]
[BlackTitle "GM"]
[WhiteElo "2250"]
[BlackElo "2638"]
[WhiteFideId "634808"]
[BlackFideId "719978"]
[EventDate "2014.08.16"]

1. e4 c5 2. Nc3 a6 3. Nf3 b5 4. d4 cxd4 5. Nxd4 e6 6. Bd3 Qb6 7. Nf3 Nc6 8. O-O
Nge7 9. Re1 Ng6 10. a4 Bc5 11. Qe2 b4 12. a5 Qc7 13. Na4 Ba7 14. e5 Nxa5 15. h4
Bb7 16. h5 Ne7 17. Be3 Bd5 18. Bxa7 Qxa7 19. Ng5 Qc7 20. Qe3 h6 21. Ne4 Bxe4 22.
Qxe4 Rb8 23. Qg4 O-O 24. Qe4 f5 25. exf6 Rxf6 26. b3 Nf5 27. Nb2 Nc6 28. Rxa6
Rbf8 29. Rea1 d5 30. Qe1 Nfd4 31. Ra8 e5 32. Bg6 e4 33. Qd2 Qe5 34. Nd1 Rxa8 35.
Rxa8+ Rf8 36. Rxf8+ Kxf8 37. Ne3 Ke7 38. Qd1 Qe6 39. Qa1 Ne2+ 40. Kf1 Nc3 41.
Qa8 Qd7 42. Nf5+ Kf6 43. Qf8+ Ke5 44. Nxg7 Qe7 45. Qf5+ Kd6 46. Qf4+ Kc5 47.
Qxh6 Nd4 48. Nf5 Nxf5 49. Bxf5 d4 50. Qe6 Qg5 51. Qc4+ Kb6 52. Qxd4+ Kc7 53.
Qc5+ Kd8 54. Qd6+ Ke8 55. Bg6+ 1-0

[Event "Riga Tech Open A 2014"]
[Site "Riga LAT"]
[Date "2014.08.16"]
[Round "1.8"]
[White "Shankland, Samuel L"]
[Black "Houska, Jiri"]
[Result "1/2-1/2"]
[WhiteTitle "GM"]
[WhiteElo "2624"]
[BlackElo "2248"]
[WhiteFideId "2004887"]
[BlackFideId "316377"]
[EventDate "2014.08.16"]

1. d4 Nf6 2. Nf3 g6 3. Bg5 Bg7 4. Nbd2 d5 5. e3 O-O 6. Bd3 c5 7. c3 Nbd7 8. O-O
b6 9. Qe2 Bb7 10. Rfd1 Ne4 11. Bh4 Re8 12. Rac1 a6 13. b4 Nxd2 14. Nxd2 c4 15.
Bc2 b5 16. a4 a5 17. Rb1 bxa4 18. Bxa4 Qc8 19. e4 e5 20. dxe5 Bxe5 21. Nxc4 axb4
22. Bxd7 Qxd7 23. Nxe5 Rxe5 24. Bf6 Re6 25. e5 bxc3 26. Qe3 Raa6 27. Qxc3 h6 28.
Rb4 Ra4 29. h3 Kh7 30. Rxa4 Qxa4 31. Rb1 Rc6 32. Qd2 Rc2 33. Qd1 Qc6 34. e6 d4
35. f3 d3 36. exf7 Qxf6 37. Rxb7 Kg7 38. Kh1 Qc3 39. Rb1 d2 40. Rb8 Kxf7 41.
Rb7+ Kf6 42. Rb6+ Kf5 43. Rb5+ Kf4 44. Kh2 Ke3 45. Rd5 Rc1 46. Qa4 Ke2 47. Qa6+
Kf2 48. Qb6+ Ke1 49. Qe6+ Kf2 50. Qb6+ Ke1 51. Qe6+ Kd1 1/2-1/2

[Event "Riga Tech Open A 2014"]
[Site "Riga LAT"]
[Date "2014.08.16"]
[Round "1.9"]
[White "Narva, Jaan"]
[Black "Goganov, Aleksey"]
[Result "0-1"]
[WhiteTitle "FM"]
[BlackTitle "GM"]
[WhiteElo "2247"]
[BlackElo "2604"]
[WhiteFideId "4500148"]
[BlackFideId "24109959"]
[EventDate "2014.08.16"]

1. e4 c5 2. Nf3 e6 3. c3 Nf6 4. e5 Nd5 5. d4 cxd4 6. Qxd4 Nc6 7. Qe4 f5 8. exf6
Nxf6 9. Qc2 Be7 10. Bd3 O-O 11. Bf4 Qe8 12. Ng5 g6 13. h4 e5 14. Bg3 d5 15. Nd2
e4 16. Be2 Bf5 17. Qb3 Na5 18. Qb5 Qxb5 19. Bxb5 a6 20. Be2 Nc6 21. Nb3 Rac8 22.
Rd1 Rfd8 23. Bf4 h6 24. Nh3 Ng4 25. f3 Bxh4+ 26. Kf1 Nge5 27. Bxh6 exf3 28. gxf3
Nc4 29. Bc1 Bc2 30. Nf4 Bxd1 31. Bxd1 g5 32. Ng2 d4 33. Nxh4 dxc3 34. Be2 Nd2+
35. Kf2 gxh4 36. bxc3 Nxb3 37. axb3 Ne5 38. Bg5 Rd5 39. Rxh4 Rxc3 40. Bf6 Rc2
41. Re4 Nc6 42. Kg3 b5 43. f4 Rd6 44. Bg5 Rc3+ 45. Kh4 Nd4 46. Bh5 Re3 47. Re5
Rxe5 48. fxe5 Re6 49. Bf6 Nxb3 50. Kg5 b4 51. Kf5 Nc5 52. Bd1 Kf7 53. Bg5 b3 54.
Be3 b2 55. Bc2 Rc6 56. Bb1 Ne6 57. Ba2 Ke7 0-1

[Event "Riga Tech Open A 2014"]
[Site "Riga LAT"]
[Date "2014.08.16"]
[Round "1.10"]
[White "Savchenko, Boris"]
[Black "Saveliev, Alexei"]
[Result "1-0"]
[WhiteTitle "GM"]
[WhiteElo "2596"]
[BlackElo "2246"]
[WhiteFideId "4147332"]
[BlackFideId "24128546"]
[EventDate "2014.08.16"]

1. e4 c5 2. Nf3 e6 3. d3 Nc6 4. g3 d5 5. Nbd2 Nf6 6. Bg2 Be7 7. O-O b6 8. Qe2
Bb7 9. c3 Qc7 10. Re1 O-O 11. e5 Nd7 12. Nf1 Rae8 13. Bf4 Qb8 14. h4 Bd8 15. d4
Bc7 16. Ne3 f6 17. Ng4 a5 18. Qc2 cxd4 19. cxd4 Nb4 20. Qc3 Rc8 21. Qd2 Ba6 22.
Re3 f5 23. Ngh2 Bd8 24. Rc3 Rxc3 25. bxc3 Nc6 26. Nf1 a4 27. Ne3 Qc8 28. c4 dxc4
29. d5 exd5 30. Qxd5+ Kh8 31. Rc1 Nb4 32. Qd6 Nd3 33. Rd1 Bc7 34. Qd5 Bb7 35.
Qxc4 Nb2 36. Qc3 Nxd1 37. Nxd1 Nc5 38. Ne3 Ne6 39. Qb4 Qe8 40. Ng5 Nxg5 41. Bxb7
Ne6 42. Bf3 h6 43. Nd5 Bd8 44. Qd6 Kh7 45. Be3 b5 46. Be2 b4 47. Qxb4 Nc7 48.
Nf4 Be7 49. Qb6 Na8 50. Qa7 Ba3 51. Bf3 Qe7 52. Qxa4 Nc7 53. Bh5 Ra8 54. Bg6+
Kh8 55. Qc2 Qxe5 56. Bxf5 Qa1+ 57. Kg2 Bd6 58. Ng6+ Kh7 59. Ne5+ g6 60. Bxg6+
Kg7 61. Bxh6+ Kxh6 62. Be8 1-0

[Event "Riga Tech Open A 2014"]
[Site "Riga LAT"]
[Date "2014.08.16"]
[Round "1.11"]
[White "Elistratov, Semen"]
[Black "Aleksandrov, Aleksej"]
[Result "0-1"]
[BlackTitle "GM"]
[WhiteElo "2244"]
[BlackElo "2595"]
[WhiteFideId "24134325"]
[BlackFideId "13500139"]
[EventDate "2014.08.16"]

1. e4 e5 2. Nf3 Nc6 3. Bb5 Nf6 4. O-O Nxe4 5. d4 Nd6 6. dxe5 Nxb5 7. a4 d6 8.
axb5 Nxe5 9. Re1 Be7 10. Nxe5 dxe5 11. Qxd8+ Kxd8 12. Rxe5 Bd6 13. Re1 Bf5 14.
c4 b6 15. Bd2 Re8 16. Rxe8+ Kxe8 17. Bc3 f6 18. Nd2 Kf7 19. Nf3 g5 20. Nd4 Bd3
21. b3 Be5 22. Rd1 Bg6 23. Ne2 Bd6 24. Nd4 Rd8 25. Ra1 Bc5 26. Nc6 Rd3 27. b4
Rxc3 28. bxc5 Rxc4 29. f3 Rxc5 30. Rxa7 Ke6 31. Rxc7 Kd6 32. Rb7 Rxb5 33. Ne7
Bd3 34. Nc8+ Kc5 35. Rf7 Rb1+ 36. Kf2 Rb2+ 37. Ke3 Ba6 38. Rc7+ Kd5 39. Nxb6+
Rxb6 40. Rxh7 Rb2 41. f4 Rb3+ 0-1

[Event "Riga Tech Open A 2014"]
[Site "Riga LAT"]
[Date "2014.08.16"]
[Round "1.12"]
[White "Prohaszka, Peter2"]
[Black "Ramondino, Renzo"]
[Result "1/2-1/2"]
[WhiteTitle "GM"]
[BlackTitle "FM"]
[WhiteElo "2595"]
[BlackElo "2243"]
[WhiteFideId "726265"]
[BlackFideId "810304"]
[EventDate "2014.08.16"]

1. d4 Nf6 2. c4 g6 3. Nc3 Bg7 4. e4 d6 5. Bd3 O-O 6. Nge2 Nc6 7. O-O Nh5 8. Bc2
e5 9. d5 Ne7 10. Kh1 f5 11. exf5 gxf5 12. Ng3 Nf4 13. Nh5 Nxh5 14. Qxh5 Ng6 15.
f4 e4 16. Bd2 Rf6 17. g4 Ne7 18. g5 Rf7 19. Rad1 Bd7 20. Be3 Be8 21. Qh3 c5 22.
dxc6 bxc6 23. Bb3 Bxc3 24. bxc3 c5 25. Bxc5 dxc5 26. Rxd8 Rxd8 27. Qe3 Rd3 28.
Qxc5 Ng6 29. Qc8 Rf8 30. c5+ Kh8 31. Qc7 e3 32. Kg1 Rd7 33. Qb8 Rd2 34. Re1 Rg2+
35. Kxg2 Bc6+ 36. Kg3 Rxb8 37. Rxe3 Be4 38. h4 h5 39. gxh6 Kh7 40. Re2 Rd8 41.
Bc4 Rd1 42. c6 Rc1 43. Re3 Bxc6 44. Bd3 Rg1+ 45. Kf2 Rg4 46. h5 Rxf4+ 47. Ke2
Nh4 48. Re7+ Kh8 49. Rxa7 Bf3+ 50. Kd2 Be4 51. Bc4 Rf2+ 52. Ke3 Rc2 53. Kf4 Rxc3
54. Bf7 Rc6 55. Re7 Rc3 56. Bg6 Ng2+ 57. Kg5 Rc8 58. Rh7+ Kg8 59. Rg7+ Kh8 60.
Rh7+ Kg8 1/2-1/2

[Event "Riga Tech Open A 2014"]
[Site "Riga LAT"]
[Date "2014.08.16"]
[Round "1.13"]
[White "Beeke, Bob"]
[Black "Bok, Benjamin"]
[Result "0-1"]
[BlackTitle "GM"]
[WhiteElo "2243"]
[BlackElo "2587"]
[WhiteFideId "1011634"]
[BlackFideId "1017063"]
[EventDate "2014.08.16"]

1. Nf3 g6 2. c4 Bg7 3. Nc3 c5 4. e3 Nf6 5. d4 cxd4 6. exd4 d5 7. Be2 O-O 8. O-O
Nc6 9. h3 b6 10. Re1 Bb7 11. Ne5 dxc4 12. Nxc6 Bxc6 13. Bxc4 e6 14. Bg5 Qd7 15.
Qb3 Nd5 16. Bxd5 exd5 17. Qd1 h6 18. Bf4 Rfe8 19. Qd2 g5 20. Bg3 Rxe1+ 21. Rxe1
Re8 22. Rxe8+ Qxe8 23. Qe3 Qd7 24. Be5 f6 25. Bb8 Kf7 26. Qd3 Qc8 27. Bg3 a6 28.
Qe2 Qb7 29. Qh5+ Kf8 30. Qg6 Qd7 31. Kh2 a5 32. Nd1 Qe6 33. Ne3 Bd7 34. Bc7 a4
35. g4 Qc6 36. Bb8 b5 37. Kg2 Qb6 38. Bg3 Qxd4 39. Bd6+ Kg8 40. Kg3 Qe4 41. Qxe4
dxe4 42. b3 Kf7 43. Bc5 Kg6 44. h4 h5 45. bxa4 bxa4 46. hxg5 fxg5 47. gxh5+ Kxh5
48. f3 Be5+ 49. Kf2 exf3 50. Kxf3 Bc6+ 51. Ke2 g4 52. Kd3 g3 53. Kc4 Kh4 54. Bd4
Bxd4 55. Nf5+ Kg4 56. Nxg3 Bf6 57. Ne2 Be7 58. Nd4 Be8 59. Nc2 Kf4 60. Nb4 Ke4
61. a3 Bf8 62. Kc3 Bf7 63. Kb2 Bg7+ 64. Kb1 Kd4 0-1

[Event "Riga Tech Open A 2014"]
[Site "Riga LAT"]
[Date "2014.08.16"]
[Round "1.14"]
[White "Naroditsky, Daniel"]
[Black "Manakova, Maria"]
[Result "1-0"]
[WhiteTitle "GM"]
[BlackTitle "WGM"]
[WhiteElo "2587"]
[BlackElo "2241"]
[WhiteFideId "2026961"]
[BlackFideId "927007"]
[EventDate "2014.08.16"]

1. e4 e6 2. d4 d5 3. Nd2 Be7 4. Ngf3 Nf6 5. e5 Nfd7 6. Bd3 c5 7. c3 Nc6 8. O-O
Qb6 9. dxc5 Nxc5 10. Nb3 Nxd3 11. Qxd3 Bd7 12. Re1 Na5 13. Nxa5 Qxa5 14. Nd4 O-O
15. Qg3 Kh8 16. Bg5 f6 17. exf6 gxf6 18. Nxe6 fxg5 19. Nxf8 Bxf8 20. Qxg5 Bc6
21. Re3 Qd8 22. Qf5 Bg7 23. Rae1 Qg8 24. Rg3 Rf8 25. Qd3 d4 26. cxd4 Qf7 27. Qd2
Bh6 28. Qc2 Bf4 29. Rh3 Rg8 30. d5 Qg7 31. g3 Bd7 32. Rh4 Bg5 33. Rc4 Bd8 34.
Rf4 Bg5 35. Rb4 b5 36. d6 Qh6 37. Qc3+ Bf6 38. Qc7 Qh3 39. Rf4 Rc8 40. Qxa7 Bc6
41. f3 Bxb2 42. Qf2 Bg7 43. Rf7 Rg8 44. Ree7 Qh6 45. d7 Qd6 46. Rxg7 Qd1+ 47.
Kg2 Bxf3+ 48. Qxf3 Qd2+ 49. Re2 1-0

[Event "Riga Tech Open A 2014"]
[Site "Riga LAT"]
[Date "2014.08.16"]
[Round "1.15"]
[White "Jeanne, Mickael"]
[Black "Banusz, Tamas"]
[Result "0-1"]
[BlackTitle "GM"]
[WhiteElo "2239"]
[BlackElo "2585"]
[WhiteFideId "637963"]
[BlackFideId "722413"]
[EventDate "2014.08.16"]

1. Nf3 d5 2. d4 Nf6 3. c4 e6 4. Nc3 c6 5. cxd5 exd5 6. Bg5 h6 7. Bxf6 Qxf6 8. e3
Bd6 9. Qc2 O-O 10. h3 Na6 11. a3 Nc7 12. Bd3 Re8 13. O-O-O a5 14. Kb1 Qd8 15.
Na4 Ne6 16. Rc1 Bd7 17. Nc5 Nxc5 18. dxc5 Bf8 19. Nd4 b6 20. cxb6 c5 21. Ne2
Qxb6 22. Nf4 Bc6 23. Ka1 Rab8 24. Rhd1 Ba4 25. Qd2 Bxd1 26. Nxd5 Qc6 27. Qxd1
Qd6 28. f4 g6 29. Bc4 Bg7 30. Rc2 Rb7 31. Ka2 Reb8 32. b3 a4 0-1

[Event "Riga Tech Open A 2014"]
[Site "Riga LAT"]
[Date "2014.08.16"]
[Round "1.16"]
[White "Rausis, Igors"]
[Black "Tarasova, Viktoriya"]
[Result "1-0"]
[WhiteTitle "GM"]
[BlackTitle "WIM"]
[WhiteElo "2578"]
[BlackElo "2234"]
[WhiteFideId "11600098"]
[BlackFideId "4175840"]
[EventDate "2014.08.16"]

1. Nf3 d5 2. g3 Bg4 3. Bg2 c6 4. O-O e6 5. c4 Nd7 6. cxd5 cxd5 7. Qb3 Qb6 8.
Qxb6 Nxb6 9. Nc3 Bxf3 10. Bxf3 Nf6 11. d3 Bc5 12. Bf4 a6 13. Rfc1 Rc8 14. g4 h6
15. a4 Ke7 16. h4 Nbd7 17. e4 dxe4 18. Nxe4 Nd5 19. Bg3 Bb4 20. Rc4 a5 21. Rac1
N7b6 22. Rxc8 Rxc8 23. Rxc8 Nxc8 24. h5 f6 25. Kf1 Nd6 26. Ke2 Nxe4 27. dxe4 Nb6
28. b3 e5 29. Ke3 Kd6 30. Be2 Ba3 31. Kd2 Nd7 32. Bc4 Bb4+ 33. Ke3 Ba3 34. f3 b6
35. Kd3 Nc5+ 36. Kc2 Ne6 37. Bxe6 Kxe6 38. Kd3 Kd7 39. f4 exf4 40. Bxf4 Bb2 41.
Kc4 Kc6 42. Bd2 Ba3 43. Be1 Bd6 44. Bc3 Be5 45. Bd2 Bd6 46. Be1 Ba3 47. Bc3 Bd6
48. Bb2 Be5 49. Bc1 Bd6 50. Be3 Ba3 51. Bd4 Bd6 52. Kd3 Be5 53. Be3 Kc7 54. Ke2
Kc6 55. Kf3 Kc7 56. g5 hxg5 57. Kg4 Bd6 58. Kf5 Bc5 59. Bxc5 bxc5 60. e5 fxe5
61. Kxe5 g4 62. Kf4 g3 63. Kxg3 Kd6 64. Kf4 Ke6 65. Kg5 Kf7 66. Kf5 Kg8 67. Ke5
Kh7 68. Kd5 Kh6 69. Kxc5 Kxh5 70. b4 g5 71. b5 g4 72. Kd4 Kh4 73. b6 1-0

[Event "Riga Tech Open A 2014"]
[Site "Riga LAT"]
[Date "2014.08.16"]
[Round "1.17"]
[White "Esposito, Luca"]
[Black "Golod, Vitali"]
[Result "0-1"]
[WhiteTitle "FM"]
[BlackTitle "GM"]
[WhiteElo "2231"]
[BlackElo "2574"]
[WhiteFideId "805726"]
[BlackFideId "2804140"]
[EventDate "2014.08.16"]

1. d4 Nf6 2. c4 g6 3. Nf3 Bg7 4. g3 O-O 5. Bg2 c6 6. O-O d6 7. Nc3 Bf5 8. Re1
Ne4 9. Nxe4 Bxe4 10. Bf1 d5 11. e3 dxc4 12. Bxc4 c5 13. Nd2 Bc6 14. dxc5 Nd7 15.
Nb3 Ne5 16. Be2 Qxd1 17. Rxd1 Nf3+ 18. Kg2 Nd4+ 19. Kf1 Nxe2 20. Kxe2 Rfc8 21.
Rd2 Bb5+ 22. Ke1 e5 23. e4 a5 24. a4 Bc4 25. Ra3 Bf8 26. Rd7 b5 27. axb5 Bxb5
28. Rb7 Bc6 29. Rb6 a4 30. Be3 Bxe4 31. Nd2 Bd5 32. b3 Rxc5 33. Rxa4 Rc1+ 34.
Ke2 Rac8 35. Ra5 Rd8 36. Bg5 Rd7 37. Rbb5 Bc6 38. Rxe5 f6 39. Bxf6 Rc2 40. Bg5
Bb4 41. Ra6 Bxd2 0-1

[Event "Riga Tech Open A 2014"]
[Site "Riga LAT"]
[Date "2014.08.16"]
[Round "1.18"]
[White "Yemelin, Vasily"]
[Black "Brookes, Christopher"]
[Result "1-0"]
[WhiteTitle "GM"]
[BlackTitle "CM"]
[WhiteElo "2573"]
[BlackElo "2231"]
[WhiteFideId "4113217"]
[BlackFideId "4669355"]
[EventDate "2014.08.16"]

1. d4 Nf6 2. Bg5 d5 3. e3 g6 4. Bd3 Bg7 5. Nd2 c5 6. c3 Nc6 7. dxc5 O-O 8. Ngf3
e5 9. e4 Be6 10. O-O Qc7 11. Bxf6 Bxf6 12. exd5 Bxd5 13. Bc4 Rfd8 14. Bxd5 Rxd5
15. Qb3 Rad8 16. Ne4 Be7 17. Nd6 Rxc5 18. Qxf7+ Kh8 19. Ne8 Rxe8 20. Qxe8+ Kg7
21. Rad1 Nb8 22. Rfe1 1-0

[Event "Riga Tech Open A 2014"]
[Site "Riga LAT"]
[Date "2014.08.17"]
[Round "2.1"]
[White "Soors, Stef"]
[Black "Rapport, Richard"]
[Result "0-1"]
[WhiteTitle "IM"]
[BlackTitle "GM"]
[WhiteElo "2391"]
[BlackElo "2704"]
[WhiteFideId "209511"]
[BlackFideId "738590"]
[EventDate "2014.08.16"]

1. e4 c5 2. Nf3 a6 3. b4 cxb4 4. a3 e6 5. axb4 Bxb4 6. c3 Be7 7. d4 d6 8. Bd3
Nd7 9. O-O Ngf6 10. e5 dxe5 11. dxe5 Nd5 12. h4 Qc7 13. Re1 b6 14. Na3 Bb7 15.
Nc4 Nxc3 16. Nd6+ Qxd6 17. exd6 Nxd1 18. dxe7 Nc3 19. Bb2 Nd5 20. Bxg7 Rg8 21.
Bh6 N7f6 22. Bg5 Nb4 23. Bxf6 Nxd3 24. Rad1 Rg6 25. Rxd3 Rxf6 26. Ne5 Bd5 27.
Ng4 Rf5 28. Ne3 Re5 29. f4 Re4 30. f5 Kxe7 31. Rxd5 exd5 32. Nxd5+ Kd6 33. Rxe4
Kxd5 34. Re7 a5 35. Rxf7 a4 36. Rxh7 a3 37. Rd7+ Ke5 38. Rd1 a2 39. Ra1 b5 0-1

[Event "Riga Tech Open A 2014"]
[Site "Riga LAT"]
[Date "2014.08.17"]
[Round "2.2"]
[White "Melkumyan, Hrant"]
[Black "Bonafede, Alessandro"]
[Result "1-0"]
[WhiteTitle "GM"]
[BlackTitle "FM"]
[WhiteElo "2655"]
[BlackElo "2388"]
[WhiteFideId "13302485"]
[BlackFideId "813826"]
[EventDate "2014.08.16"]

1. Nf3 d6 2. d4 f5 3. c4 Nf6 4. Nc3 g6 5. g3 Bg7 6. Bg2 O-O 7. O-O c6 8. Qb3 Na6
9. Bg5 Kh8 10. Rad1 Qc7 11. Qa3 Be6 12. b3 Bg8 13. Rfe1 h6 14. Bd2 g5 15. h4 g4
16. Nh2 e5 17. dxe5 dxe5 18. Qc1 h5 19. e4 Nc5 20. Bg5 Nfxe4 21. Nxe4 fxe4 22.
Bxe4 Nxe4 23. Rxe4 b5 24. cxb5 Qb6 25. Be3 Qxb5 26. Bh6 Qb7 27. Qg5 Bxh6 28.
Qxh6+ Qh7 29. Rd6 Rad8 30. Rxe5 Qxh6 31. Rxh6+ Kg7 32. Rhxh5 Rd2 33. Reg5+ Kf7
34. Nxg4 1-0

[Event "Riga Tech Open A 2014"]
[Site "Riga LAT"]
[Date "2014.08.17"]
[Round "2.3"]
[White "Berzinsh, Roland"]
[Black "Iturrizaga Bonelli, Eduardo"]
[Result "0-1"]
[WhiteTitle "IM"]
[BlackTitle "GM"]
[WhiteElo "2387"]
[BlackElo "2653"]
[WhiteFideId "11600357"]
[BlackFideId "3901211"]
[EventDate "2014.08.16"]

1. e4 c5 2. Nf3 e6 3. g3 Nc6 4. Bg2 Nf6 5. Nc3 a6 6. O-O Qc7 7. Re1 d6 8. d4
cxd4 9. Nxd4 Bd7 10. Nxc6 bxc6 11. Na4 Rb8 12. c4 c5 13. Nc3 Be7 14. b3 Bc6 15.
Bf4 Nd7 16. Qg4 O-O 17. Nd5 Bxd5 18. cxd5 exd5 19. exd5 Bf6 20. Rac1 Ne5 21. Qf5
Qc8 22. Qc2 a5 23. Re4 Qa6 24. Bd2 Rfe8 25. Bc3 Nd7 26. Bd2 Bd4 27. Bf1 Qa8 28.
Rxe8+ Rxe8 29. Qf5 Nf6 30. Re1 a4 31. Rxe8+ Qxe8 32. bxa4 g6 33. Qf3 Qxa4 34.
Bg5 Ng4 35. Kg2 Qxa2 36. Be2 Ne5 37. Qf6 Qxd5+ 38. Kg1 Nc6 39. Qf4 Qe6 40. Bg4 0-1